Managing complex projects : networks, knowledge and integration /

Bibliographic Details
Corporate Author: ebrary, Inc
Other Authors: Alderman, N.
Format: eBook
Language:English
Published: New York : Routledge, 2014.
Series:Routledge studies in technology, work and organizations ; 3.
Subjects:
Online Access:Connect to the full text of this electronic book

MARC

Tag First Indicator Second Indicator Subfields
LEADER 00000cam a2200000 i 4500
001 in00003418321
006 m o d
007 cr cn|||||||||
008 130423s2014 nyua ob 001 0 eng|d
005 20250816210551.4
020 |z 9780415299589 
020 |a 9780203502921 (e-book) 
035 |a (CaPaEBR)ebr10759799 
035 |a (OCoLC)861532681 
040 |a CaPaEBR  |b eng  |e rda  |e pn  |c CaPaEBR  |d UtOrBLW 
050 1 4 |a HD69.P75  |b M36 2014eb 
082 0 4 |a 658.4/04  |2 23 
245 0 0 |a Managing complex projects :  |b networks, knowledge and integration /  |c Neil Alderman [and three others]. 
264 1 |a New York :  |b Routledge,  |c 2014. 
300 |a 1 online resource (175 pages) :  |b illustrations. 
336 |a text  |b txt  |2 rdacontent 
337 |a computer  |b c  |2 rdamedia 
338 |a online resource  |b cr  |2 rdacarrier 
490 1 |a Routledge studies in technology, work and organizations ;  |v 3 
504 |a Includes bibliographical references and index. 
505 0 |a New modes of project delivery : complex projects -- Understanding the challenges of managing complex projects -- Exploring complex projects -- Clarke chapman: the port facilities project -- Alstom : the Pendolino project -- Northumbria water : the regional sludge treatment centre project -- The problem of integration in complex projects -- Conclusions: Rethinking the management of complex projects. 
588 |a Description based on print version record. 
500 |a Electronic resource. 
650 0 |a Project management. 
655 7 |a Electronic books.  |2 local 
700 1 |a Alderman, N. 
710 2 |a ebrary, Inc. 
776 0 8 |i Print version:  |t Managing complex projects : networks, knowledge and integration.  |d New York : Routledge, 2014  |h xix, 154 pages  |k Routledge studies in technology, work and organizations ; 3  |z 9780415299589  |w (DLC) 2013016225 
830 0 |a Routledge studies in technology, work and organizations ;  |v 3. 
856 4 1 |u https://ebookcentral.proquest.com/lib/tamucs/detail.action?docID=182466  |y Connect to the full text of this electronic book  |t 0 
980 |a 131029  |b 125  |c USD  |e 125  |f YBP_EBR0000072557  |g 1 
999 f f |s 949634c4-3f3c-3db1-810d-e51ef48f01c5  |i 55b6d0d0-842f-328a-97ba-53963c4f9ce2  |t 0 
999 |a MARS 
952 f f |a Texas A&M University  |b College Station  |c Electronic Resources  |d Available Online  |t 0  |e HD69.P75 M36 2014eb  |h Library of Congress classification 
998 f f |a HD69.P75 M36 2014eb  |t 0  |l Available Online